000 00864nam a2200229 a 4500
001 BRCA_1274
005 20190320203345.0
008 990414s1998 mx-a---##b---#000-0#spa-#
020 _a968366573X
040 _aDLC
_cDLC
_dDLC
050 4 _aNA5257.M4
_b.O74 1998
100 1 _aOrdorika Bengoechea, Nile
_94185
245 1 0 _aEl convento del Carmen de San Angel
_cNile Ordorika Bengoechea.
260 _aMéxico
_bUNAM, Facultad de Arquitectura
_c1998
300 _a181 p.
_bil.
_c30 cm.
504 _aBibliografía: p. [178]-181
610 2 4 _aConvento del Carmen (Alvaro Obregón, Distrito Federal, México)
_94186
610 2 4 _aHermanas Carmelitas de la Tercera Orden (México)
_xHistoria
_94187
650 1 4 _aArquitectura
_xCarmelitas
_zMéxico
_94188
651 4 _aAlvaro Obregón (Distrito Federal, México)
_xEdificios, estructuras, etc.
_94189
942 _2lcc
_cB
999 _c1143
_d1143